000 01056nam a2200313 i 4500
003 EG-GICUC
005 20260409162506.0
008 260409s1972 fr |||fr|||| 00| 0 fre d
040 _aEG-GiCUC
_bfre
_cEG-GiCUC
_dEG-GiCUC
_eRda
082 0 4 _221
_a343.3
_bCO . P
092 0 4 _221
099 _aLaw1 10 343.3 CO . P 1972
100 1 _aCogniart, Paul
_eAuteur
245 1 0 _aProcédure Pénale.
_nTome Ii,
_pPolice, Instruction, Jugement /
_cPaul Cogniart, Georges Brière De L'isle.
264 1 _aParis :
_bLibrairie Armand Colin,
_c1972.
300 _a340 page ;
_c 24 cm.
336 _2rda contenu
_a texte
337 _2rda medias
_aOrdinateur
338 _2 transporteur rda
_a Ressource en ligne
490 _aCollection U
504 _aBibliography: pages 309 - 311
650 1 _aDroit De Procédure Pénale
_2qrmak
650 1 _aDroit De Pénale
_2qrmak
651 1 _2qrmak
700 1 _aL'isle, Georges Brière De
_eAnnotateur
856 4 0 _uhttps://fll.law.cu.edu.eg/fulltext/bks/B10-08927.pdf
905 _a54
942 _2ddc
_cBK
_e21
_n0
999 _c69884
_d69884